| 000 | 00513nam a2200145 4500 | ||
|---|---|---|---|
| 008 | 0 1996 0a 000 0MEX | ||
| 020 | _a968-444-195-9 | ||
| 050 | _aHC133 D45 1996 | ||
| 082 | _a330.9 D352m | ||
| 100 | _aDelgado de Cantú, Gloria M. | ||
| 245 | _aMéxico : Estructuras política, económica y social / Gloria M. Delgado Cantú | ||
| 260 | _aMéxico : Addison Wesley | ||
| 300 | _a452 p. / 24 cm. | ||
| 650 | _a1.MEXICO-POLITICA ECONOMICA SIGLO XX \ 2.MEXICO-CONDICIONES ECONOMICAS-SIGLO XX | ||
| 999 |
_c16491 _d16491 |
||